00624 2200229 4500001002100000005001500021035002000036007000300056008004100059020002200100082000800122084001400130100002100144245005900165260004500224300003700269650002700306700000900333520003000342990001100372990001100383INLIS00000000000456820191202020501 a0010-1219000020ta191202 g 0 ind  a978-602-1634-10-3 a903 a903 DAN k0 aDANTO, Pamungkas1 aKamus Lengkap Sejarah /cDanto Pamungkas; editor, Mapa aYogyakarta :bMata Padi Pressindo,c2015 aviii, 630 hlm. :bilus. ;c23 cm 4aSEJARAH. KAMUS SEJARAH0 aMAPA aBibliografi: hlm. 615-630 a7242 a a7242 b